| 000 | 00884cam a2200277Ia 4500 | ||
|---|---|---|---|
| 001 | 92993 | ||
| 005 | 20230411085901.0 | ||
| 008 | 090909s2008 quc 000 0 hat d | ||
| 035 | _a(OCoLC)ocn436152004 | ||
| 040 |
_aFWP _cFWP |
||
| 020 | _a9782980964039 (pbk.) | ||
| 020 | _a2980964034 (pbk.) | ||
| 035 | _a(OCoLC)436152004 | ||
| 049 | _aGRAL | ||
| 050 | 1 | 4 |
_aR PM 7854 _bJ83d 2008 |
| 082 | 0 | 0 | _a447.97294 |
| 100 | 1 |
_aJoseph, Prophéte, _d1962- |
|
| 245 | 1 | 0 |
_aDiksyoné sinonim lang ayisyen : _blekol fondamantal / _cPwofet Jozef. |
| 260 |
_a[Montréal, Québec] : _bEdisyon Konbit Ayiti, _c2008. |
||
| 300 |
_a447 p. ; _c18 cm. |
||
| 650 | 0 |
_aCreole dialects, French _zHaiti _xSynonyms and antonyms _vDictionaries. |
|
| 650 | 6 |
_aLangues créoles (francaises) _zHaiti _xSynonymes et antonymes _vDictionnaires. |
|
| 942 |
_2lcc _cbk |
||
| 966 | _aRCH | ||
| 994 |
_aC0 _bDRFGD |
||
| 999 |
_c108802 _d108802 |
||